|
|
|
|
| LEADER |
00000cam a22000004a 4500 |
| 001 |
musev2_89993 |
| 003 |
MdBmJHUP |
| 005 |
20230905053007.0 |
| 006 |
m o d |
| 007 |
cr||||||||nn|n |
| 008 |
200402s2020 nyu o 00 0 eng d |
| 010 |
|
|
|z 2020015829
|
| 020 |
|
|
|a 9781479804184
|
| 035 |
|
|
|a (OCoLC)1149263783
|
| 040 |
|
|
|a MdBmJHUP
|c MdBmJHUP
|
| 100 |
1 |
|
|a Pfeifer, Michael J.
|q (Michael James),
|d 1968-
|e author.
|
| 245 |
1 |
4 |
|a The Making of American Catholicism :
|b Regional Culture and the Catholic Experience /
|c Michael J. Pfeifer.
|
| 264 |
|
1 |
|a New York :
|b New York University Press,
|c [2020]
|
| 264 |
|
3 |
|a Baltimore, Md. :
|b Project MUSE,
|c 2022
|
| 264 |
|
4 |
|c ©[2020]
|
| 300 |
|
|
|a 1 online resource.
|
| 336 |
|
|
|a text
|b txt
|2 rdacontent
|
| 337 |
|
|
|a computer
|b c
|2 rdamedia
|
| 338 |
|
|
|a online resource
|b cr
|2 rdacarrier
|
| 505 |
0 |
|
|a The strange career of New Orleans Catholicism : race and Our Lady of Lourdes Parish, 1905-2006 -- The making of a Midwestern Catholicism : transnational identities, ethnicity, and Catholic culture in Iowa City, 1840-1940 -- Wisconsin Marianism and Upper Midwestern Catholic culture, 1858-2010 -- La Placita and the evolution of Catholic religiosity in Los Angeles -- Holy Cross on West Forty-Second and the transformation of New York City's Irish American Catholicism -- Epilogue: Catholicism, regions, and American history.
|
| 520 |
|
|
|a ""The Making of American Catholicism" explores how Catholic experience influences regional culture, and vice versa"--
|c Provided by publisher.
|
| 588 |
|
|
|a Description based on print version record.
|
| 610 |
2 |
7 |
|a Catholic Church.
|2 fast
|0 (OCoLC)fst00531720
|
| 610 |
2 |
6 |
|a Église catholique
|z États-Unis
|x Influence.
|
| 610 |
2 |
0 |
|a Catholic Church
|z United States
|x Influence.
|
| 650 |
|
7 |
|a Influence (Literary, artistic, etc.)
|2 fast
|0 (OCoLC)fst00972484
|
| 651 |
|
7 |
|a United States.
|2 fast
|0 (OCoLC)fst01204155
|
| 655 |
|
7 |
|a Electronic books.
|2 local
|
| 710 |
2 |
|
|a Project Muse.
|e distributor
|
| 830 |
|
0 |
|a Book collections on Project MUSE.
|
| 856 |
4 |
0 |
|z Texto completo
|u https://projectmuse.uam.elogim.com/book/89993/
|
| 945 |
|
|
|a Project MUSE - Custom Collection
|